| 000 | 01326nam a22003257a 4500 | ||
|---|---|---|---|
| 003 | EG-ScBUE | ||
| 005 | 20221026103840.0 | ||
| 006 | m||||fq||h 00| 0 | ||
| 008 | 141204s2013 ua f f b 001 0deng d | ||
| 017 | _a2012 / 9351 | ||
| 020 | _a9789772072484 | ||
| 040 |
_aEG-ScBUE _bara _erda _cEG-ScBUE _dEG-ScBUE |
||
| 082 | 0 | 4 |
_222 _a709.2 _bع ك ا |
| 100 | 1 |
_936810 _aعكاشة، ثروت، _d1921-2012، _eمؤلف. |
|
| 245 | 1 | 0 |
_aمارك شاجال : _bفنان الإبداعات الراقصة الغناء نجم القرن العشرين 1887-1985 / _cثروت عكاشة. |
| 264 | 1 |
_aالقاهرة : _bالهيئة المصرية العامة للكتاب، _c2013. |
|
| 300 |
_a397 صفحة : _bلوحات ملونة ؛ _c32 سم + _eقرص مليز. |
||
| 336 |
_2rdacontent _asounds _bsnd |
||
| 336 |
_2rdacontent _aنص _btxt |
||
| 337 |
_2rdamedia _aaudio _bs |
||
| 337 |
_2rdamedia _aبدون وسيط _bn |
||
| 338 |
_2rdamedia _acomputer disc _bcd |
||
| 338 |
_2rdamedia _aمجلد _bnc |
||
| 504 | _aيشتمل على إرجاعات ببليوجرافية وكشافات. | ||
| 600 | 1 | 7 |
_aمارك، شاجال، _d1887-1985. _2BUEsh _936813 |
| 650 | 7 |
_aالفنانون الروس _vتراجم. _2BUEsh _936814 |
|
| 653 |
_bARALIT _cDecember2014 |
||
| 655 | _vReading book | ||
| 942 |
_2ddc _k709.2 ع ك ا |
||
| 999 |
_c18726 _d18698 |
||